00761nam a2200205 a 450000100100000000500170001000800410002702000180006804000250008608200080011124500960011926000560021530000340027149000140030549000260031970000410034583000440038695201080043099900170053800003975820201002033722.0130718s2008 xxua 000 0 spa d a9781855661592 aDO-SdBNPbspacBNPHU axxx00aQueen Isabel I of castile . :bpower, patronage, persona /ceditora Barbara F. Weissberger. aTamesis, Estados Unidos :bBoydell & Brewer,c2008. axxiv, 237 p. :bil. ;c24 cm.1 aTámesis1 aA: Monografíasv2351 aWeissberger, Barbara F.,eed.965950 0aTámesisnApMonografíasv253965951 001050718MOaGRbGRcCTd2013-07-18iLF1l0oxxx p39758-10r2020-06-25w2020-06-25y1ZNo se presta c39248d39248